Параметры аннигиляции позитронов в наноразмерных металлических многослойных системах Zr\Nb; Современные проблемы машиностроения

Dettagli Bibliografici
Parent link:Современные проблемы машиностроения.— 2021.— [С. 159-160]
Autore principale: Лаптев Р. С. Роман Сергеевич
Ente Autore: Национальный исследовательский Томский политехнический университет Инженерная школа ядерных технологий Отделение экспериментальной физики
Altri autori: Ломыгин А. Антон
Riassunto:Заглавие с экрана
Lingua:russo
Pubblicazione: 2021
Serie:Материаловедение и нанотехнологии в машиностроении
Soggetti:
Accesso online:http://earchive.tpu.ru/handle/11683/69156
Natura: MixedMaterials Elettronico Capitolo di libro
KOHA link:https://koha.lib.tpu.ru/cgi-bin/koha/opac-detail.pl?biblionumber=633936

MARC

LEADER 00000naa2a2200000 4500
001 633936
005 20251028071619.0
035 |a (RuTPU)RU\TPU\conf\35686 
035 |a RU\TPU\conf\35685 
090 |a 633936 
100 |a 20211206a2021 k y0rusy50 ca 
101 0 |a rus 
102 |a RU 
105 |a y z 100zy 
135 |a drcn ---uucaa 
181 0 |a i  
182 0 |a b 
200 1 |a Параметры аннигиляции позитронов в наноразмерных металлических многослойных системах Zr\Nb  |f Р. С. Лаптев, А. Ломыгин 
203 |a Текст  |c электронный 
225 1 |a Материаловедение и нанотехнологии в машиностроении 
300 |a Заглавие с экрана 
320 |a [Библиогр.: с. 160 (3 назв.)] 
338 |b Российский научный фонд  |d 20-79-10343 
463 0 |0 (RuTPU)RU\TPU\conf\35640  |t Современные проблемы машиностроения  |o сборник трудов XIV Международной научно-технической конференции, г. Томск, 25-30 октября 2021 г.  |f Национальный исследовательский Томский политехнический университет (ТПУ) ; под ред. Е. Н. Пашкова  |v [С. 159-160]  |d 2021 
610 1 |a электронный ресурс 
610 1 |a труды учёных ТПУ 
610 1 |a аннигиляция 
610 1 |a позитроны 
610 1 |a наноразмерные системы 
610 1 |a многослойные системы 
610 1 |a многослойные покрытия 
610 1 |a металлические системы 
610 1 |a дефекты 
700 1 |a Лаптев  |b Р. С.  |c физик, специалист в области неразрушающего контроля  |c доцент Томского политехнического университета, доктор технических наук  |f 1987-  |g Роман Сергеевич  |y Томск  |3 (RuTPU)RU\TPU\pers\29924  |9 14396 
701 1 |a Ломыгин  |b А.  |c физик  |c инженер Томского политехнического университета  |f 1997-  |g Антон  |3 (RuTPU)RU\TPU\pers\44438 
712 0 2 |a Национальный исследовательский Томский политехнический университет  |b Инженерная школа ядерных технологий  |b Отделение экспериментальной физики  |3 (RuTPU)RU\TPU\col\23549 
801 2 |a RU  |b 63413507  |c 20211210  |g RCR 
856 4 |u http://earchive.tpu.ru/handle/11683/69156 
942 |c BK